[Event "II Open B primavera"]
[Site "Como ITA"]
[Date "2006.05.26"]
[Round "6"]
[White "Taborelli, Achille"]
[Black "Campanini, Ambrogio"]
[Result "1-0"]
[WhiteElo "1802"]
[BlackElo "1544"]
[PlyCount "35"]
[EventDate "2006.04.21"]

1. d4 d5 2. c4 c6 3. cxd5 cxd5 4. Nc3 Nf6 5. Nf3 Bf5 6. e3 a6 7. a4 e6 8. Bd3
Bd6 9. O-O Nbd7 10. Bxf5 exf5 11. Qb3 Nb6 12. a5 Nc4 13. Qxb7 Rb8 14. Qxa6 Nxb2
15. Rb1 Ba3 16. Nb5 Qd7 17. Nxa3 Ra8 18. Qxa8+ 1-0

[Event "II Open B primavera"]
[Site "Como ITA"]
[Date "2006.05.31"]
[Round "7"]
[White "Calabrese, Mattia"]
[Black "Taborelli, Achille"]
[Result "1/2-1/2"]
[WhiteElo "1383"]
[BlackElo "1802"]
[PlyCount "55"]
[EventDate "2006.04.21"]

1. c4 Nf6 2. Nc3 e5 3. g3 d6 4. Bg2 c6 5. d4 Nbd7 6. Nf3 Be7 7. O-O O-O 8. dxe5
dxe5 9. Qc2 h6 10. Rd1 Qc7 11. a3 a5 12. Ne4 Nxe4 13. Qxe4 f5 14. Qc2 Nf6 15.
Qc3 Re8 16. c5 Bf8 17. Nh4 Qe7 18. b4 axb4 19. axb4 Rxa1 20. Qxa1 Qf7 21. Bh3
Qb3 22. Ba3 Qc2 23. Rc1 Qxe2 24. Bxf5 Bxf5 25. Nxf5 Ne4 26. Rf1 Nd2 27. Rd1 Ne4
28. Rf1 1/2-1/2

[Event "II Open B primavera"]
[Site "Como ITA"]
[Date "2006.05.31"]
[Round "7"]
[White "Campanini, Ambrogio"]
[Black "Tabbone, Antonio"]
[Result "1-0"]
[WhiteElo "1544"]
[BlackElo "1580"]
[PlyCount "59"]
[EventDate "2006.04.21"]

1. Nf3 Nf6 2. g3 d5 3. Bg2 c6 4. d3 Nbd7 5. O-O e5 6. Nbd2 Be7 7. e4 O-O 8. Re1
Re8 9. exd5 Qc7 10. dxc6 bxc6 11. Nc4 Bc5 12. Bg5 Ng4 13. Be3 Ba6 14. Bxc5 Bxc4
15. Bb4 c5 16. Bc3 Ba6 17. h3 Ngf6 18. Nxe5 Rac8 19. Nxd7 Qxd7 20. Bxf6 g6 21.
Qd2 Qd6 22. Bc3 f6 23. Rxe8+ Rxe8 24. Re1 Rxe1+ 25. Qxe1 Kg7 26. Qe4 Qd7 27.
Qc6 Qe7 28. Be4 Bxd3 29. cxd3 Kh6 30. Bxf6 1-0

[Event "II Open B primavera"]
[Site "Como ITA"]
[Date "2006.05.31"]
[Round "7"]
[White "Prini, Walter"]
[Black "Zingale, Giuseppe"]
[Result "1-0"]
[WhiteElo "1580"]
[BlackElo "1398"]
[PlyCount "65"]
[EventDate "2006.04.21"]

1. Nf3 e6 2. d4 Nf6 3. Nc3 Be7 4. e4 O-O 5. e5 Bb4 6. Bd2 Nd5 7. Bg5 Bxc3+ 8.
bxc3 Ne7 9. Bd3 h6 10. Bh4 d6 11. exd6 Qxd6 12. Bg3 Qc6 13. c4 Na6 14. a3 Re8
15. O-O Qd7 16. Ne5 Qd8 17. c3 c5 18. Nf3 b6 19. Be4 Nc7 20. Bxa8 Nxa8 21. Re1
Nc7 22. dxc5 Na6 23. cxb6 Qxb6 24. Rb1 Qa5 25. Be5 Ng6 26. a4 Bb7 27. Rxb7 Nc5
28. Rb5 Qb6 29. Rxb6 axb6 30. Bd4 Nd7 31. Qb3 e5 32. Be3 e4 33. Nd2 1-0